| 000 | 01270nam a22003497a 4500 | ||
|---|---|---|---|
| 003 | CHAP | ||
| 005 | 20220329143742.0 | ||
| 008 | 110606s1972 es a r 00010 spa d | ||
| 010 | _a101411 | ||
| 011 | _a102383 | ||
| 035 | _a113071 | ||
| 040 | _cCHAP | ||
| 082 | 0 | 4 |
_a631.43 _bH38 |
| 100 | 0 | 0 |
_aHenin, S. _953600 |
| 245 | 1 | 3 |
_aEl perfil cultural : _bel estado físico del suelo y sus consecuencias agronómicas _c/por S. Henin, R. Gras y G. Monnier |
| 260 |
_aMadrid : _bMundi - Prensa, _c1972 |
||
| 300 |
_a342 p. : _bilus., cuadros, gráfs. |
||
| 534 |
_pTít. original : _tLe profil cultural : l'etat physique du sol et ses conséquences agronomiques. _cParís : Masson et Cie., 1969. |
||
| 590 |
_aBATCH-UPD _b10 _c20130110 _lUCH01 _h0918 |
||
| 590 |
_aBATCH-UPD _b10 _c20130410 _lUCH01 _h0540 |
||
| 590 |
_aBATCH-UPD _b10 _c20130914 _lUCH01 _h1552 |
||
| 590 |
_aCONVERSION _b10 _c20130109 _lUCH01 _h1356 |
||
| 650 | 1 | 4 |
_aSuelos agrícolas. _9110531 |
| 650 | 1 | 4 |
_aSuelos _xComposición. _9110280 |
| 650 | 1 | 4 |
_aSuelos _xEstructura. _9110360 |
| 650 | 1 | 4 |
_aSuelos _xFísica de. _9110373 |
| 700 | 0 |
_aGras, Raymond. _950442 |
|
| 700 | 1 |
_aMonnier, G. _977533 |
|
| 901 | _aBK | ||
| 942 | _cLIBRO | ||
| 949 |
_a631.43 H38 _bBC _cLIBRO _d33724002247347 _eLIBRO _h115117 _i113071 _si |
||
| 999 |
_c101411 _d101411 |
||